| 000 | 00973cam a2200265u 4500 | ||
|---|---|---|---|
| 001 | 8312533 | ||
| 003 | ARRUPE | ||
| 005 | 20131002173118.0 | ||
| 008 | 830331s1939 enkcf 000 0 eng | ||
| 010 | _a 39022727 | ||
| 040 |
_aDLC _cCarP _dDLC |
||
| 043 | _ae-gx--- | ||
| 050 | 0 | 0 | _aDD Z53.M483 |
| 100 | 1 |
_aMicklem, Nathaniel, _d1888- [from old catalog] _92040 |
|
| 245 | 1 | 0 | _aNational socialism and the Roman Catholic church; |
| 260 |
_aLondon, _aNew York [etc.] _bOxford university press, _c1939. |
||
| 300 |
_axvi, 243, [1] p. _bfront., plates, port. _c23 cm. |
||
| 610 | 2 | 0 |
_aCatholic Church _zGermany. _92041 |
| 610 | 2 | 0 |
_aNationalsozialistische Deutsche Arbeiter-Partei. _92042 |
| 650 | 0 |
_aChurch and state _zGermany _xHistory _y1933-1945. _92043 |
|
| 651 | 0 |
_aGermany _xReligion _y1933-1945. _92044 |
|
| 710 | 2 |
_aRoyal institute of international affairs. [from old catalog] _92045 |
|
| 906 |
_a0 _bcbc _cpremunv _du _encip _f19 _gy-gencatlg |
||
| 942 |
_2lcc _cMONOGRAPH |
||
| 999 |
_c118233 _d118233 |
||